Statistics for Revised US State Capitals

Click here to take the quiz!

General Stats

  • This quiz has been taken 36 times
    (34 since last reset)
  • The average score is 18 of 40

Answer Stats

StateCapital% Correct
AlaskaJuneau
89%
ColoradoDenver
70%
Golden CoastSacramento
70%
New EnglandBoston
67%
ArizonaPhoenix
67%
OhioColumbus
63%
UtahSalt Lake City
63%
New YorkAlbany
59%
GeorgiaAtlanta
59%
West VirginiaCharleston
59%
PennsylvaniaHarrisburg
59%
NevadaLas Vegas
59%
OregonSalem
59%
IdahoBoise
56%
CarolinaRaleigh
56%
WyomingCheyenne
52%
MichiganLansing
52%
NebraskaLincoln
52%
KansasTopeka
52%
MaineAugusta
48%
New HampshireConcord
48%
VermontMontpelier
48%
HudsonNew York City
48%
WashingtonOlympia
48%
EriePittsburgh
48%
CornlandCornville
44%
DakotaBismarck
41%
FloridaTampa
41%
TexasFort Worth
37%
ChesapeakeWashington
30%
AppalachiaNashville
26%
RushmoreRapid City
26%
East CascadiaSpokane
22%
JeffersonChico
15%
CaliforniaFresno
15%
SuperiorGreen Bay
15%
AtakaCorpus Christi
11%
MississippiMontgomery
11%
ChicagoKenosha
7%
PecosLubbock
7%

Score Distribution

Percentile by Number Answered

Percent of People with Each Score

Your Score History

You have not taken this quiz since the last reset